Modern money theory (Registro nro. 2444)
[ vista simple ]
| 000 -LEADER | |
|---|---|
| fixed length control field | 01217 a2200229 4500 |
| 001 - CONTROL NUMBER | |
| control field | 34400 |
| 005 - DATE AND TIME OF LATEST TRANSACTION | |
| control field | 20260407155631.0 |
| 008 - FIXED-LENGTH DATA ELEMENTS--GENERAL INFORMATION | |
| fixed length control field | 260407a2012 arg spa d |
| 003 - CONTROL NUMBER IDENTIFIER | |
| control field | AR-UNSa-BCEJYS |
| 040 ## - CATALOGING SOURCE | |
| Original cataloging agency | AR-UNSa-BCEJYS |
| Language of cataloging | spa |
| Transcribing agency | AR-UNSa-BCEJYS |
| 080 ## - UNIVERSAL DECIMAL CLASSIFICATION NUMBER | |
| Universal Decimal Classification number | 336.74 |
| Common auxiliary subdivision | Moneda. Sistema monetario |
| 020 ## - INTERNATIONAL STANDARD BOOK NUMBER | |
| International Standard Book Number | 978-0-230-36888-0 |
| 041 ## - LANGUAGE CODE | |
| Language code of text/sound track or separate title | spa |
| 100 1# - MAIN ENTRY--PERSONAL NAME | |
| Personal name | Wray, L. Randall |
| 245 10 - TITLE STATEMENT | |
| Title | Modern money theory |
| Name of part/section of a work | a primer on macroeconomics for sovereign monetary systems |
| 264 #1 - PRODUCTION, PUBLICATION, DISTRIBUTION, MANUFACTURE, AND COPYRIGHT NOTICE | |
| Place of production, publication, distribution, manufacture | New York : |
| Name of producer, publisher, distributor, manufacturer | Palgrave Macmillan |
| Date of production, publication, distribution, manufacture, or copyright notice | 2012 |
| 300 ## - PHYSICAL DESCRIPTION | |
| Extent | xvi, 294 p. |
| Dimensions | 21 cm. |
| 505 ## - FORMATTED CONTENTS NOTE | |
| Formatted contents note | 1. The basics of macroeconomic accounting - 2. Spending by issuer of domestic currency - 3. The domestic monetary system: banking and central banking - 4. Fiscal operations in a nation that issues its own currency - 5. Modern money theory and alternative exchange rate regimes - 6. Monetary and fiscal policy for sovereign currencies: what should government do? - 7. Policy for full employment and price stability - 8. What is money? Conclusions on the nature of money |
| 590 ## - LOCAL NOTE (RLIN) | |
| Local note | niveau_biblio:m niveau_hierar:0 |
| 856 41 - ELECTRONIC LOCATION AND ACCESS | |
| Uniform Resource Identifier | <a href="https://biblioeco.unsa.edu.ar/pmb/images/libros/modern_money.jpg">https://biblioeco.unsa.edu.ar/pmb/images/libros/modern_money.jpg</a> |
| Link text | Imagen de portada |
| Electronic format type | image/jpeg |
| 942 ## - ADDED ENTRY ELEMENTS (KOHA) | |
| Koha item type | |
| Withdrawn status | Lost status | Damaged status | Not for loan | Home library | Current library | Shelving location | Date acquired | Total checkouts | Full call number | Barcode | Date last seen | Price effective from | Koha item type |
|---|---|---|---|---|---|---|---|---|---|---|---|---|---|
| Biblioteca Prof. Eusebio Cleto del Rey | Biblioteca Prof. Eusebio Cleto del Rey | 07/04/2026 | 336.74 W939 | L125471 | 07/04/2026 | 07/04/2026 | Libro |